Normal view
MARC view
- HISTORIA SOCIAL -
Entry Materia
001 - NÚMERO DE CONTROL DEL REGISTRO
- campo de control: 25568
003 - IDENTIFICADOR DE NUMERO DE CONTROL
- campo de control: UPN
005 - FECHA Y HORA DE LA ÚLTIMA TRANSACCIÓN
- campo de control: 20210219194024.0
008 - DATOS DE LONGITUD FIJA
- campo de control de longitud fija: nabaccnnaabn|||||||||| b |nc|||||d
035 ## - NÚMERO DE CONTROL DEL SISTEMA
- Número de control del sistema: UPN10000025577
040 ## - FUENTE DE LA CATALOGACIÓN
- Lengua de catalogación: SPA
- Agencia de transcripción: UPN
150 ## - ENCABEZAMIENTO - TEMÁTICO
- Término de materia o nombre geográfico como elemento inicial: HISTORIA SOCIAL -
- Subdivisión cronológica: 1945-
670 ## - FUENTE EN LA QUE SE LOCALIZARON DATOS
- Cita de la fuente: LC
- Información localizada: Social history - 1945-
902 ## - CATALOGADOR
- Catalogador: MCM/240317
